TOPLAR KİMİN İÇİN YUVARLANIYOR (Record no. 1224392)

MARC details
000 -LEADER
sabit uzunluktaki kontrol alanı 00259nam a2200097Ia 4500
001 - KONTROL NUMARASI
kontrol alanı 1224392
005 - EN SON İŞLEMİN TARİH VE ZAMANI
kontrol alanı 20250827092925.0
008 - SABİT-UZUNLUKTA VERİ ÖĞELERİ--GENEL BİLGİ
sabit uzunluktaki kontrol alanı 250824s9999 xx 000 0 und d
245 #0 - ESER / YAZAR
ESER ADI TOPLAR KİMİN İÇİN YUVARLANIYOR
Yazar Adı DAV PİLKEY
260 ## - YAYIN, DAĞITIM, VB.
YAYIN EVİ ALTIN KİTAPLAR
Holdings
Düşüm durumu Kayıp durumu Hasar Durumu Ödünç verilmez Ana kütüphane Geçerli Kütüphane Edinilen tarih Toplam ödünç verme sayısı Barkod Son görüntüleme tarihi Son ödünç verme tarihi Fiyatın geçerli olmaya başladığı tarih Koha materyal türü
        ABDÜLEZEL PAŞA İMAM HATİP ORTAOKULU ABDÜLEZEL PAŞA İMAM HATİP ORTAOKULU 24.08.2025 7 10754567 25.03.2026 05.03.2026 27.08.2025 Books